00405nam a2200145 i 450000100060000000300090000600500170001500700030003200800410003510000450007624500590012126000350018030000220021585200220023769945ES-MaACL20250904063051.0t|040713s1972 sp |||| | spa d1 aGarcía Márquez, Gabriel, d1927-201410aCien años de soledad / cGabriel García Márquez. a[Barcelona : bEdhasa, c1972] a351 p. ; c20 cm. aES-MaACLjC-43591